| 000 | 00725nam a2200193 a 4500 | ||
|---|---|---|---|
| 003 | 0 | ||
| 005 | 20250523153412.0 | ||
| 008 | 021022s19uu xx 00 eng d | ||
| 050 |
_aPHS RA 1242.T48 _b.Y66 2002 |
||
| 100 | _aYongco, Maria Fathma M. | ||
| 245 |
_aThe Determination of thiocyanide ion for different cigarette brands / _cMaria Fathma M. Yongco. |
||
| 260 |
_aLas PiƱas City, Philippines : _bSouthville International School and Colleges, _c2002. |
||
| 300 |
_a40 pages : _billustrations ; _c28 cm. |
||
| 504 | _aIncludes bibliographical references. | ||
| 650 |
_aCigarettes _xAnalysis. |
||
| 650 |
_aCigarette brands _xComparative analysis. |
||
| 650 | _aToxic substances in tobacco products. | ||
| 942 |
_2lcc _cPASS |
||
| 999 |
_c96747 _d96747 |
||